063_ Personnalités nées un 4 mars par images - Statistiques

Statistiques générales
  • Ce quiz a été pris 42 fois
  • Le résultat moyen est 4 sur 9
Statistiques - réponses
Par images Hint Réponse % Correct
Youtubeur Amixem
88%
Politicien François Fillon
79%
Chanteuse Juliette Armanet
62%
Reine Blanche de Castille
45%
Compositeur Antonio Vivaldi
33%
Actrice Catherine O'Hara
19%
Acteur Dominique Pinon
14%
Participante Téléréalité Manon Tanti
12%
Actrice Andrea Bowen
0%
Aucun quiz correspondant
Distribution des résultats
% des personnes avec chaque résultat
Percentile par nombre de réponses
Votre historique - résultats
Vous n’avez pas pris ce quiz